000 01015cam a2200253 4500
008 090401t1996 xxu||||| |||| 00| 0 eng d
020 _a0854068015
035 _a(Sirsi) u67244
041 _aeng
050 _a347.4109 $2 18
090 _aRICS 1996/110ABCD
110 2 _aRoyal Institution of Chartered Surveyors
_94900
245 0 0 _aGuidance notes for surveyors acting as arbitrators and as independent experts in commercial property rent reviews
250 _a7th ed.
260 _aLondon
_bRICS
_c1996
300 _a57p.
_c30cm.
350 _a22
490 0 _aRICS Guidance Note
520 _aSuperseded by eight edition (ISBN 1842190962). Supersedes "Guidance notes for surveyors acting as arbitrators or as independent experts in rent reviews" (ISBN 0854065962).
651 4 _aEngland and Wales
_y1543-
690 _aPROPERTY-COMMERCIAL PROPERTY-LEASEHOLD COMMERCIAL PROPERTY-COMMERCIAL LANDLORD AND TENANT-COMMERCIAL LEASES-RENT REVIEW (COMMERCIAL LEASES)
942 _n0
948 _c04/03/1997
999 _c94983
_d94983